01354 a2200253 45000010006000000050017000060080041000230030015000640400040000790800022001192450132001410200018002732640043002913000019003345050335003539420007006885900036006951000028007316500056007598560106008156500058009219990015009799520106009942423520260407155527.0260407a2013 arg spa dAR-UNSa-BCEJYS aAR-UNSa-BCEJYSbspacAR-UNSa-BCEJYS a657xContabilidad10aNormas contables para entes cooperativospAnálisis y aplicación de la RT Nº 24 de la FACPACE y sus normas complementarias. a978-987-157-7 1aBuenos Aires :bOsmar D. Buyattic2013 a314 p.c22 cm. a1º Parte: Cuestiones previas al estudio de las normas: 1. El contexto normativo vigente para las cooperativas - 2. Conceptos previos e introductorios a la emisión de las normas de la RT24 - 2º Parte: Normas referidas a los estados contables básicos, a la información complementaria y aplicación práctica de las mismas  cBK aniveau_biblio:m niveau_hierar:01 aTorres, Carlos Federico aRESOLUCION TECNICA Nº 24 RESOLUCION TECNICA Nº 3641uhttps://biblioeco.unsa.edu.ar/pmb/images/libros/Entes Cooperativos.jpgyImagen de portadaqimage/jpeg a resolucion tecnica nº 24 resolucion tecnica nº 36  c1166d1166 00104070aBCEJYSbBCEJYSc16d2026-04-07l0o657 T689epL119631r2026-04-07 15:55:27w2026-04-07yL